Love stories /

Tallennettuna:
Bibliografiset tiedot
Muut tekijät: Thompson, Lesley (edited.)
Aineistotyyppi: Sách giấy
Kieli:English
Julkaistu: London : Macmillan, 2009.
Sarja:Macmillan literature collections.
Aiheet:
Tagit: Lisää tagi
Ei tageja, Lisää ensimmäinen tagi!
Thư viện lưu trữ: Thư viện Trường Đại học Đà Lạt
LEADER 00793nam a2200325 4500
001 DLU170181020
005 ##20170919
020 # # |a 9780230716926 
040 # # |a DLU  |b vie 
041 # # |a eng 
044 # # |a uk 
082 # # |a 428.6  |b Lov 
245 # # |a Love stories /  |c Edited by Lesley Thompson. 
260 # # |a London :  |b Macmillan,  |c 2009. 
300 # # |a 187 p. ;  |c 20 cm. 
490 # # |a Macmillan literature collections. 
650 # # |a English language  |v Textbooks for foreign speakers. 
650 # # |a Readers. 
700 # # |a Thompson, Lesley,  |e edited. 
923 # # |a 05/2016 
991 # # |a SH 
992 # # |a 299000 
994 # # |a DLU 
900 # # |a True 
911 # # |a Nguyễn Thanh Hương 
925 # # |a G 
926 # # |a A 
927 # # |a SH 
980 # # |a Thư viện Trường Đại học Đà Lạt